000 00536nam a2200193 i 4500
001 bg
100 1 _aFLESZAR, Mieczysław.
245 1 0 _aGeografia ekonomiczna świata /
_cMieczysław Fleszar.
250 _aWyd. 6.
260 _aWarszawa :
_bPaństwowe Wydawnictwo Ekonomiczne,
_c1978.
300 _as. 519, nlb. 1 :
_brys., tab., mapy
_c25 cm.
504 _aBibliogr.
650 9 _aGeografia gospodarcza
040 _cBPK
041 _apol
080 _a911:33(100)
942 _cKS
008 s pl f |000 0 pol
999 _c18017
_d18017
856 _uhttp://koha.tu.koszalin.pl/cgi-bin/koha/opac-detail.pl?biblionumber=18017
_yKatalog online BPK